[Event "Lisbon District-ch sf"]
[Site "Lisbon"]
[Date "2010.04.20"]
[Round "5"]
[White "Morais, Vitor Mestre"]
[Black "Lopes, Carlos Manuel Espir"]
[Result "1-0"]
[WhiteElo "2044"]
[BlackElo "1922"]
[PlyCount "31"]
[EventDate "2010.04.06"]
[EventType "swiss"]
[EventRounds "8"]
[EventCountry "POR"]
[SourceTitle "EXT 2022"]
[Source "ChessBase"]
[SourceDate "2021.10.06"]
[SourceVersion "1"]
[SourceVersionDate "2021.10.06"]
[SourceQuality "1"]

1. d4 Nf6 2. Bg5 Ne4 3. Bh4 g5 4. f3 gxh4 5. fxe4 d5 6. exd5 Qxd5 7. Nc3 Qh5 8. e4 Qxd1+ 9. Rxd1 Bg4 10. Be2 Rg8 11. Kf2 Nd7 12. Nf3 h3 13. gxh3 Bxh3 14. Rhg1 Rg6 15. Rxg6 hxg6 16. Ng1 1-0

[Event "POR-ch sf"]
[Site "Amadora"]
[Date "2009.09.07"]
[Round "4"]
[White "Lopes, Carlos Manuel Espir"]
[Black "Costa, Paulo"]
[Result "0-1"]
[WhiteElo "1927"]
[BlackElo "2150"]
[PlyCount "30"]
[EventDate "2009.09.05"]
[EventType "swiss"]
[EventRounds "9"]
[EventCountry "POR"]
[SourceTitle "EXT 2015"]
[Source "ChessBase"]
[SourceDate "2014.11.20"]
[SourceVersion "1"]
[SourceVersionDate "2014.11.20"]
[SourceQuality "1"]

1. e4 c5 2. Nf3 e6 3. d4 cxd4 4. Nxd4 a6 5. Bd3 Bc5 6. Be3 Qb6 7. Bc4 Nc6 8. c3 Qxb2 9. Nf5 Bxe3 10. Nxe3 Qxa1 11. Qc1 Ne5 12. Nc2 Qxa2 13. Be2 Qa5 14. 0-0 Nf6 15. Qg5 Nf3+ 0-1

[Event "POR-ch sf"]
[Site "Amadora"]
[Date "2009.09.06"]
[Round "3"]
[White "Durao, Joaquim Manuel"]
[Black "Lopes, Carlos Manuel Espir"]
[Result "1-0"]
[WhiteElo "2045"]
[BlackElo "1927"]
[PlyCount "63"]
[EventDate "2009.09.05"]
[EventType "swiss"]
[EventRounds "9"]
[EventCountry "POR"]
[SourceTitle "EXT 2015"]
[Source "ChessBase"]
[SourceDate "2014.11.20"]
[SourceVersion "1"]
[SourceVersionDate "2014.11.20"]
[SourceQuality "1"]

1. e4 e5 2. Nf3 Nc6 3. Bb5 a6 4. Ba4 Nf6 5. 0-0 b5 6. Bb3 Nxe4 7. Re1 d5 8. d3 Nf6 9. Nxe5 Nxe5 10. Rxe5+ Be6 11. Bg5 Bd6 12. Re1 c6 13. Nd2 h6 14. Bh4 Qc7 15. Bxf6 Bxh2+ 16. Kh1 gxf6 17. Rxe6+ fxe6 18. Qh5+ Ke7 19. Qxh2 Qb6 20. Qf4 Rhg8 21. Re1 Rg5 22. Nf3 Rh5+ 23. Kg1 Rg8 24. Nd4 e5 25. Nf5+ Ke6 26. Ng3 Rhg5 27. Re3 Kf7 28. Qh4 R8g6 29. c4 Rg4 30. Qh5 dxc4 31. dxc4 R4g5 32. c5+ 1-0

[Event "Lisbon-ch Seniors"]
[Site "Lisbon"]
[Date "2006.02.24"]
[Round "3"]
[White "Dias, Augusto Martins"]
[Black "Lopes, Carlos Manuel Espir"]
[Result "1-0"]
[WhiteElo "1862"]
[BlackElo "2010"]
[PlyCount "77"]
[EventDate "2006.02.20"]
[EventType "swiss"]
[EventRounds "7"]
[EventCountry "POR"]
[SourceTitle "EXT 2008"]
[Source "ChessBase"]
[SourceDate "2007.11.25"]
[SourceVersion "1"]
[SourceVersionDate "2007.11.25"]
[SourceQuality "1"]

1. e4 e5 2. f4 d5 3. exd5 e4 4. d3 Nf6 5. c4 Bc5 6. d4 Bb4+ 7. Bd2 Bxd2+ 8. Nxd2 0-0 9. Ne2 c6 10. dxc6 Nxc6 11. d5 Nb4 12. Nc3 Bg4 13. Be2 Nd3+ 14. Kf1 Nxb2 15. Qc2 Bxe2+ 16. Nxe2 Qb6 17. c5 Nxd5 18. cxb6 Ne3+ 19. Kg1 Nxc2 20. Rb1 e3 21. Rxb2 Rfd8 22. Nf1 Rdc8 23. h4 axb6 24. Rh3 Ra3 25. Kh2 Rc6 26. h5 Rd3 27. Rb3 Rcd6 28. Nxe3 Rxb3 29. axb3 Ne1 30. Nc4 Re6 31. Re3 Kf8 32. Rxe6 fxe6 33. Nxb6 Ke7 34. g4 Kd6 35. Kg3 Kc5 36. Nd7+ Kb4 37. Nd4 b5 38. Nf8 Kc3 39. Nxb5+ 1-0

[Event "Lisbon-ch Seniors"]
[Site "Lisbon"]
[Date "2006.02.22"]
[Round "2"]
[White "Lopes, Carlos Manuel Espir"]
[Black "Loureiro, Ernesto Oscar"]
[Result "1-0"]
[WhiteElo "2010"]
[BlackElo "1697"]
[PlyCount "61"]
[EventDate "2006.02.20"]
[EventType "swiss"]
[EventRounds "7"]
[EventCountry "POR"]
[SourceTitle "EXT 2008"]
[Source "ChessBase"]
[SourceDate "2007.11.25"]
[SourceVersion "1"]
[SourceVersionDate "2007.11.25"]
[SourceQuality "1"]

1. e4 e5 2. Nf3 Nc6 3. d4 exd4 4. c3 d5 5. exd5 Qxd5 6. Be2 Nf6 7. 0-0 Be7 8. Bf4 dxc3 9. Nxc3 Qa5 10. Nb5 0-0 11. Bxc7 Qb4 12. Nd6 Bd8 13. a3 Qc5 14. Rc1 Qd5 15. Nb5 a6 16. Bxd8 Qxd8 17. Nd6 Qb6 18. Qc2 Bg4 19. Nc4 Qa7 20. Ne3 Bxf3 21. Bxf3 Nd4 22. Qc7 Nxf3+ 23. gxf3 b5 24. Ng4 Nd5 25. Qe5 Ne7 26. Rc7 Ng6 27. Rxa7 Nxe5 28. Rxa8 Nxf3+ 29. Kg2 Nh4+ 30. Kh3 Rxa8 31. Kxh4 1-0